00662nam a2200217 a 45000010010000000030011000100080041000210350026000620820014000881000016001022450040001182500035001582600052001936500013002458560043002589420012003019520090003139900006004039980020004099990015004290000-8640ELIB.Books110520 1957  a(ELIB.Books)0000-8786 a231 bBar aBarth, Karl aThe Word of God and the Word of man aFirst Harper Torchbook Edition bNew York: Harper and Brothers Publishers c1957 aTheology nK.B.T.S LibraryuK.B.T.S Library ELIB. 2ddccBK 00102ddc4070aKBTSbKBTSd2011-05-20l0p8699r2022-01-22 00:00:00w2022-01-22yBK a1 cbate2011-05-20 c8640d8640